000 00536nam a2200193Ia 4500
008 220204s9999 xx 000 0 und d
020 _a8180940098
082 _a574:573.6
_bMUR
100 _aMurugesan, A G
245 0 _aEnvironmental science and biotechnology: Theory and techniques
260 _aChennai
_bMJP Publishers
_c2005
650 _aEffluent analysis
650 _aSewage analysis
650 _aSoil analysis
650 _aWaste water analysis
650 _aWater analysis
700 _aRajakumari, C
942 _cBK
999 _c42663
_d42663